<?xml version="1.0" encoding="UTF-8"?><?xml-stylesheet type="text/xsl" href="static/style.xsl"?><OAI-PMH xmlns="http://www.openarchives.org/OAI/2.0/" xmlns:xsi="http://www.w3.org/2001/XMLSchema-instance" xsi:schemaLocation="http://www.openarchives.org/OAI/2.0/ http://www.openarchives.org/OAI/2.0/OAI-PMH.xsd"><responseDate>2026-04-17T02:17:10Z</responseDate><request verb="GetRecord" identifier="oai:www.recercat.cat:2099.1/25808" metadataPrefix="marc">https://recercat.cat/oai/request</request><GetRecord><record><header><identifier>oai:recercat.cat:2099.1/25808</identifier><datestamp>2025-07-23T02:54:52Z</datestamp><setSpec>com_2072_1033</setSpec><setSpec>col_2072_452951</setSpec></header><metadata><record xmlns="http://www.loc.gov/MARC21/slim" xmlns:dcterms="http://purl.org/dc/terms/" xmlns:xsi="http://www.w3.org/2001/XMLSchema-instance" xmlns:doc="http://www.lyncode.com/xoai" xsi:schemaLocation="http://www.loc.gov/MARC21/slim http://www.loc.gov/standards/marcxml/schema/MARC21slim.xsd">
   <leader>00925njm 22002777a 4500</leader>
   <datafield ind2=" " ind1=" " tag="042">
      <subfield code="a">dc</subfield>
   </datafield>
   <datafield ind2=" " ind1=" " tag="720">
      <subfield code="a">Temprado Garriga, Elisenda</subfield>
      <subfield code="e">author</subfield>
   </datafield>
   <datafield ind2=" " ind1=" " tag="260">
      <subfield code="c">2015-03-12</subfield>
   </datafield>
   <datafield ind2=" " ind1=" " tag="520">
      <subfield code="a">[ANGLÈS] This thesis is about an implementation of a network emulator for Linux. This tool allows the user to investigate the impact of networks on algorithms and protocols that require real network connections. These emulated effects can be: delay, packet loss rate, bandwidth limitation... The main strengths of this network emulator are how precise it is in statistical terms and how highly configurable it is compared to other available options, such as netem.</subfield>
   </datafield>
   <datafield ind2=" " ind1=" " tag="520">
      <subfield code="a">[CASTELLÀ] Este proyecto final de carrera trata la implementación de un emulador de redes para Linux. Esta herramienta permite al usuario investigar el impacto de las redes en algoritmos y protocolos que requieren de conexiones de red reales. Los efectos emulados pueden ser: retardo, pérdida de paquetes, limitación del ancho de banda... Los puntos fuertes de este emulador de redes son su gran precisión estadísticamente hablando y cuán configurable es comparado con otras opciones disponibles, como, por ejemplo, netem.</subfield>
   </datafield>
   <datafield ind2=" " ind1=" " tag="520">
      <subfield code="a">[CATALÀ] L'objectiu d'aquest projecte final de carrera és la implementació d'un emulador de xarxes per a Linux. Aquesta eina permet a l'usuari avaluar l'efecte de les xarxes en algoritmes i protocols que requereixen connexions de xarxa reals, Els efectes emulats poden ser: retard, pèrdua de paquets, limitació d'ample de banda... Els punts forts d'aquest emulador de xarxes són la seva precisió estadísticament parlant, així com el seu alt grau de configurabilitat comparat a altres opcions disponibles, tals com netem.</subfield>
   </datafield>
   <datafield tag="653" ind2=" " ind1=" ">
      <subfield code="a">Àrees temàtiques de la UPC::Enginyeria de la telecomunicació::Telemàtica i xarxes d'ordinadors</subfield>
   </datafield>
   <datafield tag="653" ind2=" " ind1=" ">
      <subfield code="a">TCP/IP (Computer network protocol)</subfield>
   </datafield>
   <datafield tag="653" ind2=" " ind1=" ">
      <subfield code="a">Computer networks</subfield>
   </datafield>
   <datafield tag="653" ind2=" " ind1=" ">
      <subfield code="a">network communications</subfield>
   </datafield>
   <datafield tag="653" ind2=" " ind1=" ">
      <subfield code="a">redes de comunicaciones</subfield>
   </datafield>
   <datafield tag="653" ind2=" " ind1=" ">
      <subfield code="a">TCP/IP (Protocol de xarxes d'ordinadors)</subfield>
   </datafield>
   <datafield tag="653" ind2=" " ind1=" ">
      <subfield code="a">Xarxes de comunicacions</subfield>
   </datafield>
   <datafield ind2="0" ind1="0" tag="245">
      <subfield code="a">Implementation of a network emulator for Linux</subfield>
   </datafield>
   <datafield ind2="0" ind1="0" tag="245">
      <subfield code="a">Implementación de un emulador de redes para Linux</subfield>
   </datafield>
   <datafield ind2="0" ind1="0" tag="245">
      <subfield code="a">Implementació d'un emulador de xarxes per a Linux</subfield>
   </datafield>
</record></metadata></record></GetRecord></OAI-PMH>